000 00614nam a2200217 i 4500
001 65899
003 ES-MaACL
005 20250828062534.0
007 t|
008 040123s1965 sp ||||1| cat d
100 1 _aFullat, Octavi (
_d1928-)
_953001
245 1 0 _aReflexions sobre l'educació /
_cOctavi Fullat.
250 _a[1ª ed.].
260 _aBarcelona :
_bNova Terra,
_c1965.
300 _a358 p. ;
_c20 cm.
490 1 _aColleció Nadal ;
_v7
650 7 _aEducación
_2embne
_912073
830 0 _aColleció Nadal ;
_v7
_9182603
852 _aES-MaACL
_jC-27159
_bR.56235
999 _c65899
_d65899